[Event "Krakow op-A 19th"]
[Site "Krakow"]
[Date "2008.12.31"]
[Round "6"]
[White "Moryc, Ignacy"]
[Black "Tokarski, Bartosz"]
[Result "0-1"]
[WhiteElo "2154"]
[BlackElo "2249"]
[PlyCount "71"]
[EventDate "2008.12.26"]
[EventType "swiss"]
[EventRounds "9"]
[EventCountry "POL"]
[SourceTitle "CBM 128 Extra"]
[Source "ChessBase"]
[SourceDate "2009.03.05"]
[SourceVersion "2"]
[SourceVersionDate "2009.03.25"]
[SourceQuality "1"]

1. e4 c5 2. Nf3 d6 3. d4 cxd4 4. Qxd4 a6 5. Bc4 Nf6 6. Bg5 Nc6 7. Qd3 e6 8. 0-0 Be7 9. Nc3 0-0 10. Rad1 Qc7 11. Bb3 Rd8 12. Nd4 h6 13. Bh4 Nxd4 14. Qxd4 b5 15. a3 Bb7 16. Kh1 Bc6 17. f4 Qb7 18. Rfe1 a5 19. Rd3 b4 20. axb4 axb4 21. Nd1 Ra1 22. Rg3 Nh5 23. Rg4 Bxh4 24. Rxh4 Nf6 25. e5 Bxg2+ 26. Kg1 Bh1 27. Qd2 Ne4 28. Qd4 Ng5 29. Bd5 Qxd5 30. Qxd5 exd5 31. fxg5 Bf3 32. Rd4 dxe5 33. Rd2 hxg5 34. Kf2 Rxd1 35. Rexd1 Bxd1 36. Rxd1 0-1

[Event "Krakow op-A 19th"]
[Site "Krakow"]
[Date "2008.12.30"]
[Round "5"]
[White "Soozankar, Amir Mohammad"]
[Black "Moryc, Ignacy"]
[Result "1-0"]
[WhiteElo "2264"]
[BlackElo "2154"]
[PlyCount "59"]
[EventDate "2008.12.26"]
[EventType "swiss"]
[EventRounds "9"]
[EventCountry "POL"]
[SourceTitle "CBM 128 Extra"]
[Source "ChessBase"]
[SourceDate "2009.03.05"]
[SourceVersion "2"]
[SourceVersionDate "2009.03.25"]
[SourceQuality "1"]

1. d4 d5 2. Nc3 Nf6 3. Nf3 Bg4 4. Ne5 Bh5 5. Bf4 c6 6. f3 Nbd7 7. g4 Bg6 8. h4 h6 9. Nxg6 fxg6 10. Qd3 Kf7 11. Bh3 Qe8 12. Qe3 e5 13. Bxe5 Nxe5 14. dxe5 Nd7 15. f4 g5 16. 0-0-0 Kg8 17. Rhf1 Bc5 18. Qf3 gxf4 19. Nxd5 Nxe5 20. Qb3 cxd5 21. Qxd5+ Nf7 22. Qxc5 Rc8 23. Qxa7 Qxe2 24. Rd2 Qe7 25. Rxf4 g5 26. Rf1 Rc4 27. Bg2 Rxg4 28. Bd5 Rf4 29. Rxf4 gxf4 30. Qb8+ 1-0

[Event "Krakow op-A 19th"]
[Site "Krakow"]
[Date "2008.12.29"]
[Round "3"]
[White "Vasylius, Kestutis"]
[Black "Moryc, Ignacy"]
[Result "1/2-1/2"]
[WhiteElo "2105"]
[BlackElo "2154"]
[PlyCount "72"]
[EventDate "2008.12.26"]
[EventType "swiss"]
[EventRounds "9"]
[EventCountry "POL"]
[SourceTitle "CBM 128 Extra"]
[Source "ChessBase"]
[SourceDate "2009.03.05"]
[SourceVersion "2"]
[SourceVersionDate "2009.03.25"]
[SourceQuality "1"]

1. e4 c5 2. Nf3 Nc6 3. d4 cxd4 4. Nxd4 Nf6 5. Nc3 e5 6. Ndb5 d6 7. Bg5 a6 8. Na3 b5 9. Bxf6 gxf6 10. Nd5 Bg7 11. Bd3 Ne7 12. Nxe7 Qxe7 13. c4 f5 14. Qf3 bxc4 15. Bxc4 Rb8 16. 0-0 0-0 17. Bb3 fxe4 18. Qxe4 Be6 19. Bxe6 Qxe6 20. b3 d5 21. Qe2 e4 22. Rad1 Rbd8 23. Qd2 f5 24. Rfe1 f4 25. f3 Qg6 26. Qc2 Rc8 27. Qb1 Qb6+ 28. Kh1 Qb4 29. Rxd5 Qxa3 30. Qxe4 Rce8 31. Qxe8 Rxe8 32. Rxe8+ Kf7 33. Red8 Qxa2 34. R8d7+ Kg6 35. R5d6+ Kf5 36. h4 Qf2 1/2-1/2

[Event "IECG CB.2005.0.00147 email"]
[Site "IECG email"]
[Date "2005.11.21"]
[Round "?"]
[White "Jones, Chris"]
[Black "Moryc, Ignacy"]
[Result "1-0"]
[WhiteElo "1800"]
[BlackElo "1818"]
[PlyCount "81"]
[EventDate "2005.11.21"]
[EventType "tourn (corr)"]
[EventRounds "6"]
[SourceTitle "Corr 2008"]
[Source "ChessBase"]
[SourceDate "2008.06.24"]
[SourceVersion "1"]
[SourceVersionDate "2008.06.24"]
[SourceQuality "1"]

1. e4 c5 2. Nf3 Nc6 3. Bb5 e6 4. 0-0 Nge7 5. Re1 a6 6. Bxc6 Nxc6 7. d4 cxd4 8. Nxd4 Qc7 9. Nxc6 dxc6 10. e5 Be7 11. Qg4 Kf8 12. Nc3 b5 13. Qg3 c5 14. h4 Bb7 15. h5 h6 16. Bf4 Rd8 17. Rad1 Rd4 18. Ne2 Rxd1 19. Rxd1 Kg8 20. Qd3 Qc6 21. f3 c4 22. Qd7 Bc5+ 23. Kf1 b4 24. c3 a5 25. Bg3 Bf8 26. Qd8 Qc5 27. Rd7 Bc6 28. Rc7 Qd5 29. Qxd5 Bxd5 30. Bf2 a4 31. cxb4 Bxb4 32. a3 Bd2 33. Ra7 Kh7 34. Nc3 Bxc3 35. bxc3 Rb8 36. Bc5 Rb1+ 37. Kf2 Rb2+ 38. Kg3 Re2 39. Bd4 Ra2 40. Rxa4 g5 41. Ra7 1-0

[Event "IECG CB.2005.0.00147 email"]
[Site "IECG email"]
[Date "2005.11.21"]
[Round "?"]
[White "Moryc, Ignacy"]
[Black "Ekaworawong, Prayoon"]
[Result "0-1"]
[WhiteElo "1818"]
[BlackElo "1819"]
[PlyCount "58"]
[EventDate "2005.11.21"]
[EventType "tourn (corr)"]
[EventRounds "6"]
[SourceTitle "Corr 2008"]
[Source "ChessBase"]
[SourceDate "2008.06.24"]
[SourceVersion "1"]
[SourceVersionDate "2008.06.24"]
[SourceQuality "1"]

1. e4 e6 2. d3 d5 3. Nc3 Nf6 4. g3 dxe4 5. Nxe4 Nxe4 6. dxe4 Qxd1+ 7. Kxd1 Bc5 8. f4 Bd7 9. Nf3 Bc6 10. Bd3 Nd7 11. Ke2 0-0 12. Be3 Bxe3 13. Kxe3 Nc5 14. Ne5 Nxd3 15. cxd3 Be8 16. Rac1 f6 17. Nf3 Rc8 18. Rc3 Rf7 19. Rhc1 Re7 20. e5 Kf7 21. R1c2 a6 22. Rc5 b6 23. R5c3 a5 24. Nd4 c5 25. Ne2 Rec7 26. Rc1 b5 27. a3 b4 28. axb4 axb4 29. R3c2 Ba4 0-1

[Event "IECG CA.2004.0.00129 email"]
[Site "IECG email"]
[Date "2004.07.14"]
[Round "?"]
[White "De Melo, Gerson Luis"]
[Black "Moryc, Ignacy"]
[Result "1-0"]
[WhiteElo "2000"]
[BlackElo "2112"]
[PlyCount "55"]
[EventDate "2004.07.14"]
[EventType "tourn (corr)"]
[EventRounds "6"]
[SourceTitle "Corr 2008"]
[Source "ChessBase"]
[SourceDate "2008.06.24"]
[SourceVersion "1"]
[SourceVersionDate "2008.06.24"]
[SourceQuality "1"]

1. e4 c5 2. Nf3 Nc6 3. d4 cxd4 4. Nxd4 Nf6 5. Nc3 e5 6. Ndb5 d6 7. Nd5 Nxd5 8. exd5 Nb8 9. c4 a6 10. Nc3 Be7 11. Be2 0-0 12. 0-0 Nd7 13. Kh1 f5 14. f4 Bf6 15. Qc2 exf4 16. Bxf4 Be5 17. Bd3 Bxf4 18. Rxf4 g6 19. Ne2 Ne5 20. Rff1 Qh4 21. Nf4 b6 22. Be2 Re8 23. b4 Bd7 24. c5 bxc5 25. bxc5 dxc5 26. Qxc5 Rac8 27. Qb6 Rc2 28. Qxa6 1-0

[Event "IECG CA.2003.0.00099 email"]
[Site "IECG email"]
[Date "2003.07.05"]
[Round "?"]
[White "Brousek, Jiri"]
[Black "Moryc, Ignacy"]
[Result "1-0"]
[WhiteElo "2098"]
[BlackElo "2112"]
[PlyCount "93"]
[EventDate "2003.07.05"]
[EventType "tourn (corr)"]
[EventRounds "6"]
[SourceTitle "Corr 2008"]
[Source "ChessBase"]
[SourceDate "2008.06.24"]
[SourceVersion "1"]
[SourceVersionDate "2008.06.24"]
[SourceQuality "1"]

1. d4 Nf6 2. Nf3 e6 3. Bg5 h6 4. Bh4 d5 5. e3 Be7 6. Bd3 Nbd7 7. Nbd2 c5 8. c3 b6 9. Ne5 Nxe5 10. dxe5 Nd7 11. Bxe7 Qxe7 12. f4 Bb7 13. Qe2 c4 14. Bc2 b5 15. Nf3 b4 16. Ba4 bxc3 17. bxc3 0-0 18. Bxd7 Qxd7 19. Nd4 Bc6 20. 0-0 Rab8 21. Qg4 Qc7 22. f5 Bd7 23. f6 g6 24. Nf3 Qc5 25. Rae1 Rfd8 26. Qh4 Qf8 27. e4 dxe4 28. Qxe4 Qc5+ 29. Nd4 Rb2 30. Rf2 Rdb8 31. Qe3 Kh7 32. Nf5 Qxe3 33. Nxe3 Rb1 34. Rff1 Rxe1 35. Rxe1 Rb2 36. Nxc4 Rxa2 37. Nd6 Bc6 38. Rb1 Rxg2+ 39. Kf1 Rxh2 40. Rb8 g5 41. Nxf7 Rh4 42. Nd6 Rf4+ 43. Ke1 h5 44. f7 h4 45. f8Q Rxf8 46. Rxf8 h3 47. Rf2 1-0

[Event "IECC CL2-2002.28"]
[Site "IECC email"]
[Date "2002.11.05"]
[Round "?"]
[White "Moryc, Ignacy"]
[Black "Cehajic, Mustafa"]
[Result "1/2-1/2"]
[WhiteElo "2078"]
[BlackElo "2058"]
[PlyCount "87"]
[EventDate "2002.??.??"]
[EventType "tourn (corr)"]
[EventRounds "4"]
[SourceTitle "Corr 2008"]
[Source "ChessBase"]
[SourceDate "2008.06.24"]
[SourceVersion "1"]
[SourceVersionDate "2008.06.24"]
[SourceQuality "1"]

1. e4 e5 2. Nf3 Nc6 3. Bb5 a6 4. Ba4 Nf6 5. 0-0 Be7 6. Re1 b5 7. Bb3 d6 8. c3 Bb7 9. d4 Na5 10. Bc2 exd4 11. cxd4 0-0 12. a4 Re8 13. Nbd2 c5 14. d5 b4 15. Nf1 Nd7 16. Ng3 Bf6 17. Nh5 Nc4 18. Rb1 h6 19. h3 Nce5 20. Nh2 c4 21. f4 b3 22. fxe5 bxc2 23. Qxc2 Bxe5 24. Nf3 Rc8 25. Nxe5 Rxe5 26. Ng3 Nc5 27. Bf4 Re8 28. Rf1 a5 29. Be3 Ba6 30. Nf5 Nxe4 31. Rf4 Ng5 32. h4 Rxe3 33. Nxe3 Qb6 34. Qf2 Re8 35. hxg5 Qxe3 36. gxh6 Qxf2+ 37. Rxf2 gxh6 38. Rf6 Rd8 39. Rxh6 Kg7 40. Rh3 Rb8 41. Rf3 f5 42. Rxf5 c3 43. Rf3 c2 44. Rc1 1/2-1/2

[Event "IECG CA.2002.0.00059 email"]
[Site "IECG email"]
[Date "2002.07.08"]
[Round "1"]
[White "Moryc, Ignacy"]
[Black "Wurschner, Miroslav"]
[Result "0-1"]
[WhiteElo "2112"]
[BlackElo "2168"]
[PlyCount "44"]
[EventDate "2002.07.08"]
[EventType "tourn (corr)"]
[EventRounds "5"]
[SourceTitle "Corr 2024"]
[Source "ChessBase"]
[SourceDate "2023.10.19"]
[SourceVersion "1"]
[SourceVersionDate "2023.10.19"]
[SourceQuality "1"]

1. e4 c5 2. Nf3 d6 3. d4 cxd4 4. Nxd4 Nf6 5. Nc3 a6 6. Be3 g6 7. f3 Bg7 8. Qd2 Nc6 9. 0-0-0 Bd7 10. g4 Rc8 11. h4 h6 12. Be2 Ne5 13. Kb1 b5 14. g5 hxg5 15. hxg5 Nh5 16. Nd5 Ng3 17. Rxh8+ Bxh8 18. f4 e6 19. fxe5 exd5 20. e6 fxe6 21. exd5 Ne4 22. Qe1 exd5 0-1

[Event "IECG CA.2002.0.00059 email"]
[Site "IECG email"]
[Date "2002.07.08"]
[Round "1"]
[White "Ross, Steven"]
[Black "Moryc, Ignacy"]
[Result "1-0"]
[WhiteElo "2050"]
[BlackElo "2112"]
[PlyCount "25"]
[EventDate "2002.07.08"]
[EventType "tourn (corr)"]
[EventRounds "5"]
[SourceTitle "Corr 2024"]
[Source "ChessBase"]
[SourceDate "2023.10.19"]
[SourceVersion "1"]
[SourceVersionDate "2023.10.19"]
[SourceQuality "1"]

1. f4 d5 2. Nf3 c5 3. e3 Nf6 4. b3 Nc6 5. Bb5 e6 6. Bb2 Bd7 7. 0-0 Be7 8. d3 0-0 9. Bxc6 Bxc6 10. Ne5 Qc7 11. Nd2 b5 12. Nxc6 Qxc6 13. Qf3 1-0

[Event "POL-chT 58th 2nd League"]
[Site "Wisla"]
[Date "2002.??.??"]
[Round "?"]
[White "Chlost, Marlena"]
[Black "Moryc, Ignacy"]
[Result "0-1"]
[WhiteElo "2045"]
[BlackElo "2112"]
[PlyCount "40"]
[EventDate "2002.08.30"]
[EventType "team-swiss"]
[EventRounds "11"]
[EventCountry "POL"]
[SourceTitle "EXT 2019"]
[Source "ChessBase"]
[SourceDate "2018.10.10"]
[SourceVersion "1"]
[SourceVersionDate "2018.10.10"]
[SourceQuality "1"]

1. Nf3 d5 2. g3 Bg4 3. Bg2 Nd7 4. d3 e5 5. Nbd2 Ngf6 6. e4 c6 7. 0-0 Bd6 8. Re1 0-0 9. c3 Re8 10. Qb3 Qc7 11. Nf1 dxe4 12. dxe4 a5 13. Bg5 Bc5 14. Rad1 h6 15. Be3 Nxe4 16. Qc2 Nef6 17. Bxc5 Nxc5 18. b4 axb4 19. cxb4 Na6 20. Rb1 Nd5 0-1

[Event "POL-chT 58th 2nd League"]
[Site "Wisla"]
[Date "2002.??.??"]
[Round "?"]
[White "Moryc, Ignacy"]
[Black "Liszek, Krzysztof"]
[Result "1-0"]
[WhiteElo "2112"]
[BlackElo "2053"]
[PlyCount "40"]
[EventDate "2002.08.30"]
[EventType "team-swiss"]
[EventRounds "11"]
[EventCountry "POL"]
[SourceTitle "EXT 2019"]
[Source "ChessBase"]
[SourceDate "2018.10.10"]
[SourceVersion "1"]
[SourceVersionDate "2018.10.10"]
[SourceQuality "1"]

1. e4 e6 2. d4 d5 3. Nc3 Nf6 4. e5 Nfd7 5. f4 c5 6. Nce2 Nc6 7. c3 Qb6 8. Nf3 Be7 9. h4 f6 10. Qd3 cxd4 11. cxd4 Nf8 12. Nc3 a6 13. Be2 Bd7 14. Bd2 Rc8 15. Rh3 Na5 16. b3 Nc6 17. Na4 Qa7 18. a3 b5 19. Nb2 fxe5 20. fxe5 Ng6 1-0

[Event "POL-chT 58th 2nd League"]
[Site "Wisla"]
[Date "2002.??.??"]
[Round "?"]
[White "Szczesniak, Konrad"]
[Black "Moryc, Ignacy"]
[Result "1-0"]
[WhiteElo "2208"]
[BlackElo "2112"]
[PlyCount "40"]
[EventDate "2002.08.30"]
[EventType "team-swiss"]
[EventRounds "11"]
[EventCountry "POL"]
[SourceTitle "EXT 2019"]
[Source "ChessBase"]
[SourceDate "2018.10.10"]
[SourceVersion "1"]
[SourceVersionDate "2018.10.10"]
[SourceQuality "1"]

1. d4 d5 2. c4 c6 3. Nc3 Nf6 4. Nf3 dxc4 5. a4 Bf5 6. g3 Nbd7 7. Bg2 Qc7 8. 0-0 e5 9. dxe5 Nxe5 10. Nxe5 Qxe5 11. Bf4 Qc5 12. e4 Bg4 13. Qc2 Be7 14. e5 Nd5 15. Ne4 Qb4 16. Nd6+ Bxd6 17. exd6 Nxf4 18. Qe4+ Be6 19. Qxf4 0-0 20. Rfd1 Rfd8 1-0

[Event "Kochan Memorial op"]
[Site "Koszalin"]
[Date "2001.08.11"]
[Round "7"]
[White "Moryc, Ignacy"]
[Black "Shurygin, Sergey"]
[Result "0-1"]
[WhiteElo "2112"]
[BlackElo "2394"]
[PlyCount "78"]
[EventDate "2001.08.03"]
[EventType "swiss"]
[EventRounds "10"]
[EventCountry "POL"]
[SourceTitle "EXT 2002"]
[Source "ChessBase"]
[SourceDate "2001.11.25"]
[SourceVersion "1"]
[SourceVersionDate "2001.11.25"]
[SourceQuality "1"]

1. e4 g6 2. d4 Bg7 3. Nf3 c6 4. Nc3 d5 5. exd5 cxd5 6. Bb5+ Nc6 7. 0-0 Bg4 8. h3 Bxf3 9. Qxf3 e6 10. Qd3 Qb6 11. Bxc6+ bxc6 12. Rd1 Nf6 13. Na4 Qb5 14. Nc5 Nd7 15. Nxd7 Qxd3 16. Rxd3 Kxd7 17. c3 Rhb8 18. Rf3 Ke8 19. g4 a5 20. Rd3 a4 21. f4 Kd7 22. Rf3 f5 23. g5 Ra5 24. Rf2 Rab5 25. Kg2 c5 26. dxc5 Rxc5 27. Kf3 a3 28. Kg2 axb2 29. Rxb2 Rxb2+ 30. Bxb2 Rb5 31. Ba3 Bxc3 32. Rc1 d4 33. Rc2 Kc6 34. Kf3 Kd5 35. Be7 Kc4 36. Bf6 Ra5 37. Re2 Ra6 38. h4 d3 39. Re3 Rd6 0-1

[Event "Kochan Memorial op"]
[Site "Koszalin"]
[Date "2001.08.10"]
[Round "6"]
[White "Majdan, Joanna"]
[Black "Moryc, Ignacy"]
[Result "0-1"]
[WhiteElo "2028"]
[BlackElo "2112"]
[PlyCount "58"]
[EventDate "2001.08.03"]
[EventType "swiss"]
[EventRounds "10"]
[EventCountry "POL"]
[SourceTitle "EXT 2002"]
[Source "ChessBase"]
[SourceDate "2001.11.25"]
[SourceVersion "1"]
[SourceVersionDate "2001.11.25"]
[SourceQuality "1"]

1. e4 c5 2. Nf3 Nc6 3. d4 cxd4 4. Nxd4 Nf6 5. Nc3 e5 6. Ndb5 d6 7. Bg5 a6 8. Bxf6 gxf6 9. Na3 b5 10. Nd5 Bg7 11. c3 f5 12. Bd3 Ne7 13. Nxe7 Qxe7 14. Nc2 Qg5 15. Bf1 Bb7 16. exf5 Qxf5 17. Ne3 Qe6 18. a4 0-0 19. axb5 axb5 20. Rxa8 Rxa8 21. Bxb5 d5 22. 0-0 d4 23. Bc4 Qc8 24. Qh5 dxe3 25. Bxf7+ Kh8 26. fxe3 Qc6 27. Qh3 Rf8 28. Qg3 Qb5 29. b4 Bd5 0-1

[Event "Kochan Memorial op"]
[Site "Koszalin"]
[Date "2001.08.06"]
[Round "3"]
[White "Moryc, Ignacy"]
[Black "Stanczyk, Lech"]
[Result "1/2-1/2"]
[WhiteElo "2112"]
[BlackElo "2128"]
[PlyCount "123"]
[EventDate "2001.08.03"]
[EventType "swiss"]
[EventRounds "10"]
[EventCountry "POL"]
[SourceTitle "EXT 2002"]
[Source "ChessBase"]
[SourceDate "2001.11.25"]
[SourceVersion "1"]
[SourceVersionDate "2001.11.25"]
[SourceQuality "1"]

1. e4 e6 2. d4 d5 3. Nd2 Nc6 4. Ngf3 Nf6 5. Bd3 Nb4 6. Qe2 c5 7. dxc5 Bxc5 8. e5 Nd7 9. 0-0 0-0 10. Nb3 Be7 11. c3 Nxd3 12. Qxd3 h6 13. Re1 b6 14. a4 Nc5 15. Qc2 Ba6 16. Nbd4 Qc7 17. g4 Bd3 18. Qd1 Be4 19. h4 Nd3 20. Re3 Nxe5 21. Nxe5 Qxe5 22. Nc6 Qd6 23. Nxe7+ Qxe7 24. f3 Bh7 25. h5 Rac8 26. Qxd5 Rfd8 27. Qe5 Qh4 28. Qh2 Rd1+ 29. Kg2 Qg5 30. Qe5 Qh4 31. Qh2 Qd8 32. Qg3 Rc5 33. Re1 Rcd5 34. Be3 R1d3 35. Kf2 e5 36. g5 hxg5 37. Qxg5 Rd2+ 38. Re2 f6 39. Qg4 Rxe2+ 40. Kxe2 Bd3+ 41. Kf2 f5 42. Qg5 f4 43. Qxd8+ Rxd8 44. Bc1 Bc2 45. a5 Rd1 46. axb6 axb6 47. b4 Rh1 48. Ra8+ Kh7 49. Ba3 b5 50. c4 bxc4 51. b5 Rb1 52. Rb8 Ba4 53. b6 Bc6 54. Bd6 Rb3 55. Rc8 Rxf3+ 56. Kg1 Bd5 57. Bxe5 Rb3 58. Rc5 Bf7 59. Rc7 Bxh5 60. Bxg7 Kg6 61. Bd4 Bf3 62. Rxc4 1/2-1/2

[Event "Kochan Memorial op"]
[Site "Koszalin"]
[Date "2001.08.05"]
[Round "2"]
[White "Olenderek, Tomasz"]
[Black "Moryc, Ignacy"]
[Result "1-0"]
[WhiteElo "2226"]
[BlackElo "2112"]
[PlyCount "124"]
[EventDate "2001.08.03"]
[EventType "swiss"]
[EventRounds "10"]
[EventCountry "POL"]
[SourceTitle "EXT 2002"]
[Source "ChessBase"]
[SourceDate "2001.11.25"]
[SourceVersion "1"]
[SourceVersionDate "2001.11.25"]
[SourceQuality "1"]

1. d4 d5 2. Nf3 Nf6 3. e3 Bg4 4. c4 c6 5. Nc3 Nbd7 6. cxd5 Nxd5 7. Nxd5 cxd5 8. Qb3 Qa5+ 9. Bd2 Qb6 10. Qxd5 Qxb2 11. Rc1 e6 12. Qb5 Qxb5 13. Bxb5 Bxf3 14. gxf3 a6 15. Bd3 Bd6 16. 0-0 Ke7 17. a4 Rab8 18. Rb1 e5 19. Rb3 exd4 20. exd4 Rhd8 21. Re1+ Kf8 22. Bxh7 Nf6 23. Be4 b5 24. axb5 Rxb5 25. Rxb5 axb5 26. Rb1 Be7 27. Be3 b4 28. Kf1 Nd5 29. Bxd5 Rxd5 30. Ke2 Rh5 31. Bd2 Rxh2 32. Bxb4 Bxb4 33. Rxb4 Ke7 34. Ke3 Rh1 35. Rb7+ Ke8 36. Ke4 Rh4+ 37. Ke5 Rh5+ 38. Kd6 Rh6+ 39. Kc5 Rf6 40. Rb3 Kd7 41. d5 g6 42. Ra3 g5 43. Rb3 g4 44. fxg4 Rxf2 45. Rb7+ Ke8 46. Kc6 Ra2 47. g5 Ra6+ 48. Rb6 Ra8 49. d6 Rc8+ 50. Kd5 Rc1 51. Rb8+ Kd7 52. Rb7+ Ke8 53. Re7+ Kf8 54. Re4 Rc2 55. d7 Rd2+ 56. Kc6 Rc2+ 57. Kb7 Rb2+ 58. Kc7 Rc2+ 59. Kd8 Rc1 60. Re8+ Kg7 61. Ke7 Re1+ 62. Kd6 Rd1+ 1-0